000 00395nam a2200133Ia 4500
008 231129s1976||||xx |||||||||||||| ||spa||
040 _bspa
082 _aCo864.4 R934e (EN PROCESO DE DESCARTE) Ej. 1
100 _aRuí­z Jorge Eliécer
245 0 _aEnsayistas colombianos del siglo XX
260 _c1976
264 _aBogotá Colombia : Instituto Colombiano de Cultura
942 _2ddc
_cBKS
999 _c13100
_d13100